[Event "WchT 3rd"]
[Site "Luzern"]
[Date "1993.??.??"]
[Round "3.1"]
[White "Vaganian, Rafael A"]
[Black "Xu, Jun"]
[Result "1-0"]
[WhiteElo "2615"]
[BlackElo "2535"]
[Annotator "Horn,Pe"]
[PlyCount "103"]
[EventDate "1993.10.24"]
[EventType "team-tourn"]
[EventRounds "9"]
[EventCountry "SUI"]
[SourceTitle "CBM 038"]
[Source "ChessBase"]
[SourceDate "1994.02.01"]
[SourceVersion "1"]
[SourceVersionDate "1994.02.01"]
[SourceQuality "1"]
[WhiteTeam "Armenia"]
[BlackTeam "China"]
[WhiteTeamCountry "ARM"]
[BlackTeamCountry "CHN"]

1. Nf3 d5 2. g3 c5 3. Bg2 g6 4. c4 d4 5. b4 cxb4 6. a3 (6. Qa4+ Bd7 7. Qxb4 Nc6
$10 {Benkö-Kortschnoj/Curacao ct/1962}) 6... b3 $146 (6... bxa3 7. Bxa3 Bg7 8.
d3 Nc6 9. O-O Nh6 10. Nbd2 O-O 11. Qc2 (11. Ne1 Bd7 12. Nc2 Qc8 13. Nb4 Nxb4
14. Bxb4 Re8 15. Ra2 Bh3 16. Qa4 $44 {Larsen-Portisch/Palma de Mallorca izt/
1970}) (11. Qb3 Qc7 12. Rfb1 Rb8 13. Ne1 Bg4 14. Ndf3 Rfc8 15. Nc2 {remis/
Simic-Djukic/JUG-chT/1989}) 11... Nf5 12. Rfb1 Qc7 13. Ne4 h5 14. Ne1 h4 15.
Qd1 hxg3 16. hxg3 Rb8 17. Bc1 e5 18. Qa4 Nfe7 19. Qa3 $44 {Tatai-Zichichi/
Reggio d'Emilia/1984}) 7. d3 Bg7 8. Nbd2 Nc6 9. O-O Nf6 10. a4 O-O 11. Ba3 Re8
12. Qxb3 (12. Nxb3 $5) 12... Qc7 13. Rfb1 Rb8 14. Qc2 h6 (14... b6 $14) 15. Nb3
e5 16. Nfd2 Bf8 $6 (16... Bg4 $5) 17. Bxf8 Kxf8 18. a5 $16 Kg7 19. Qb2 Nd8 $6 (
19... b6 $16) 20. Qa3 Ne6 21. c5 Rd8 22. Nc4 Nd5 (22... Ne8 $5 $16) 23. Re1 Nc3
24. e3 Bd7 (24... dxe3 25. Rxe3 f6 26. Nd6 $16) 25. exd4 exd4 26. Ne5 Nb5 27.
Qb4 a6 $2 (27... Bc6) 28. Qc4 $1 {><e6,f7} Be8 (28... Bc6 29. Bxc6 bxc6 30.
Nxf7 $18) 29. Bd5 $18 Rxd5 (29... Ng5 30. f4 Nh7 31. Nxd4 $18) 30. Qxd5 Rd8 31.
Qc4 Bc6 32. Nxc6 Qxc6 {/\ Ng5} 33. f4 Rd5 34. Ra2 g5 (34... Nxc5 35. Re7) 35.
Rg2 gxf4 36. gxf4+ Kf8 37. Re4 Rf5 38. Rf2 h5 39. h3 h4 40. Re5 Rxe5 41. fxe5
Ng5 42. Rf6 Qd7 43. Qc1 Nxh3+ 44. Kh2 Qg4 45. Qf1 Qg3+ 46. Kh1 Ng5 47. e6 Qc7
48. exf7 Qe7 49. Qf2 h3 50. Rh6 Qe5 51. Nd2 Nc3 52. Qf6 1-0

[Event "Tilburg rapid20"]
[Site "Tilburg"]
[Date "1993.??.??"]
[Round "4"]
[White "Vaganian, Rafael A"]
[Black "Dreev, Alexey"]
[Result "1-0"]
[WhiteElo "2615"]
[BlackElo "2570"]
[Annotator "Horn,Pe"]
[PlyCount "67"]
[EventDate "1993.11.??"]
[EventType "k.o. (rapid)"]
[EventRounds "7"]
[EventCountry "NED"]
[SourceTitle "CBM 039"]
[Source "ChessBase"]
[SourceDate "1994.04.01"]
[SourceVersion "1"]
[SourceVersionDate "1994.04.01"]
[SourceQuality "1"]

1. Nf3 d5 2. g3 c6 3. Bg2 Nf6 4. O-O Bf5 5. d3 Nbd7 $6 (5... h6 6. Nbd2 e6) 6.
Nbd2 e6 (6... e5 7. Re1 (7. Qe1 Bc5 8. e4 dxe4 9. dxe4 Bg6 10. Nc4 Qe7 11. Nh4
O-O 12. a4 Qe6 13. b3 Rfd8 14. Bb2 b5 15. Na5 Bb6 16. Nf5 bxa4 17. bxa4 {
Vaganian,R-Nikolic,Pr/Leningrad/1987}) (7. e4 dxe4 8. dxe4 Nxe4 9. Re1 Nxd2 10.
Nxe5 Nxe5 11. Rxe5+ Be6 12. Bxd2 Bd6 $10 {Bjarnason-Thorhallsson/Reykjavik/1989
}) 7... Be7 8. e4 dxe4 9. dxe4 Bg6 10. b3 O-O 11. Bb2 Bc5 12. Qe2 Re8 13. h3
Qc7 14. Nh4 Bh5 15. Bf3 Bxf3 16. Ndxf3 b5 17. a4 {remis/Shneider-Drasko/
Belgrad/1988}) 7. Qe1 h6 8. e4 Bh7 9. Qe2 Qc7 (9... Be7 $2 10. e5 $1 $16) (9...
dxe4 10. dxe4 Be7 11. e5 $1 Nd5 12. Ne4 Nc5 13. Nxc5 Bxc5 14. Nd2 Qc7 15. a3
O-O {Reshevsky-Smyslov/1970} 16. Kh1 $1 $16) 10. b3 (10. e5 Ng4 11. Re1 h5)
10... dxe4 11. dxe4 Nc5 12. Nd4 Be7 13. Bb2 O-O 14. f4 a5 15. Kh1 (15. a4 $5)
15... a4 16. f5 exf5 17. Nxf5 (17. exf5 {ץh7} a3 $1 18. Bc3 (18. Bc1 Nd5 $132)
18... Nd5 19. Bxd5 cxd5 $132) 17... Bxf5 18. Rxf5 Ne6 (18... a3 19. Bc3 $14 (
19. Bxf6 Bxf6 20. Rxf6 (20. Rxc5 $2 Bxa1) (20. Raf1) 20... gxf6 21. Qg4+ Kh8 (
21... Kh7 22. Qf5+ Kg7 23. Qxc5 $18) 22. Qh5 Qe5 23. Qxh6+ Kg8 24. Rf1 Qg5 25.
Qxf6 Qxf6 (25... Qxd2 26. Rf4 $18) 26. Rxf6 $13)) 19. Nc4 axb3 20. cxb3 Rad8
21. Rff1 {/\ Be5} Nd4 $6 22. Qf2 Bc5 $2 (22... Ne6 23. Be5 Qd7 (23... Qc8 24.
Nb6 $18)) 23. e5 $1 Ng4 (23... Nxb3 $2 24. Qf5 Nxa1 25. exf6 $18) (23... Nh7
24. b4 Ba7 (24... Bb6 25. Nxb6 Qxb6 26. Rad1 $18) 25. Nd6 Nb5 26. Nxb5 Bxf2 27.
Nxc7 Bb6 28. e6 $18) 24. Qf4 b5 25. b4 Ba7 (25... Bxb4 $2 26. Qxg4 bxc4 27.
Bxd4 $18) 26. Nd6 (26. Qxg4 bxc4 27. Rac1 (27. Rf6 $2 h5 28. Qg5 Ne6 $19) 27...
Qxe5 28. Rxc4 $16) (26. Na5 Nxe5 27. Rad1 c5 $8 28. Bxd4 (28. Nb3 Ndc6 29. Nxc5
) (28. Nb7 Rb8 (28... Rd7 29. Nxc5 Bxc5 30. bxc5 Ndc6 31. Rxd7 $18) 29. Nxc5
Bxc5 30. bxc5 Ndc6 $16) 28... Rxd4 29. Rxd4 cxd4 30. Nc6 Re8 31. Re1 Bb8 32.
Nxb8 Qxb8 33. Bd5 Re7 34. Qxd4 $16) 26... Nxe5 27. Nf5 Nxf5 28. Bxe5 Nd6 29.
Rac1 Bb8 30. Bxc6 Qa7 31. Bd5 Qe7 32. Rfe1 Qd7 $2 (32... Qg5 33. Qxg5 hxg5 34.
Bc6 f6 35. Ba1 $16) 33. Bc6 Qh3 34. Rcd1 (34. Rcd1 Nc4 35. Rxd8 Rxd8 36. Bxb8
$18) 1-0

[Event "Groningen PCA"]
[Site "Groningen"]
[Date "1993.??.??"]
[Round "8"]
[White "Vaganian, Rafael A"]
[Black "Serper, Grigory"]
[Result "1-0"]
[WhiteElo "2615"]
[BlackElo "2575"]
[Annotator "Blatny,P"]
[PlyCount "39"]
[EventDate "1993.12.??"]
[EventType "swiss"]
[EventRounds "11"]
[EventCountry "NED"]
[SourceTitle "CBM 039"]
[Source "ChessBase"]
[SourceDate "1994.04.01"]
[SourceVersion "1"]
[SourceVersionDate "1994.04.01"]
[SourceQuality "1"]

1. c4 c6 2. e4 d5 3. exd5 cxd5 4. cxd5 Nf6 5. Nc3 Nxd5 (5... g6 {/\Bg7,0-0
->Pd5[+]}) 6. Nf3 Nc6 7. Bb5 e6 8. O-O Be7 9. d4 O-O 10. Re1 Bd7 (10... Bf6 {
/\Nce7, ><d5} 11. Ne4 $14 {/\ [+],^^}) 11. Bd3 $1 Rc8 $6 (11... Bf6 $142 {
/\12...g6,/^h8-d4}) (11... g6 12. Bh6 Re8 13. Ne4 {->}) 12. Nxd5 exd5 13. Ne5
Nxe5 $2 (13... Nxd4 14. Bxh7+ Kxh7 15. Qxd4 $14) (13... Bf6 $5) 14. Rxe5 $40 (
14. dxe5 {קd5}) 14... Be6 $6 {/\Bd6,קd4 =} (14... Bf6 $5 15. Rxd5 Qc7 $132 {
/\ ->Pd4}) 15. Qh5 g6 $8 (15... h6 $2 16. Bxh6 {/\Bg7} gxh6 (16... g6 17. Bxg6
$18) 17. Qxh6 $18) 16. Qh6 {/\Rh5,גd3-h7} Bg4 $2 (16... Re8 $8 17. Rh5 Bf6 18.
Qxh7+ Kf8 $16 19. Bxg6 $140 Rxc1+ $1 20. Rxc1 fxg6 21. Qxg6 Bf7 22. Qh6+ Bg7
23. Qf4 Re4 24. Qf3 Bxd4 $132) 17. h3 $1 $18 f6 $6 (17... Bd1 18. Bd2 $1 (18.
Bf4 Bf6 $1 (18... Bc2 $2 19. Rh5 $18) 19. Rxd1 Bg7 $3 $14) 18... Bf6 (18... Bc2
19. Rh5 $18) 19. Rxd1 Bxe5 20. dxe5 $18) (17... Bf6 18. hxg4 Bxe5 19. dxe5 $18
{_|_}) 18. Bxg6 $1 hxg6 19. Qxg6+ Kh8 20. Re3 $1 (20. Re3 Bd7 21. Rg3 {/\Qh6#})
1-0

[Event "Yerevan Petrosian Memorial"]
[Site "Yerevan"]
[Date "1994.??.??"]
[Round "?"]
[White "Taimanov, Mark E"]
[Black "Vaganian, Rafael A"]
[Result "0-1"]
[WhiteElo "2505"]
[BlackElo "2625"]
[PlyCount "102"]
[EventDate "1994.??.??"]
[EventType "tourn"]
[EventRounds "9"]
[EventCountry "ARM"]
[EventCategory "10"]
[SourceTitle "EXT 1997"]
[Source "ChessBase"]
[SourceDate "1996.11.15"]
[SourceVersion "1"]
[SourceVersionDate "1996.11.15"]
[SourceQuality "1"]

1. Nf3 g6 2. d4 Nf6 3. Nbd2 c5 4. dxc5 Qa5 5. a3 Qxc5 6. b4 Qc7 7. Bb2 Bg7 8.
c4 O-O 9. e3 b6 10. Be2 Bb7 11. O-O d6 12. Nd4 a6 13. Bf3 Nbd7 14. Bxb7 Qxb7
15. Qf3 Qxf3 16. N4xf3 Rfc8 17. Rfc1 Rc7 18. Kf1 Rac8 19. Ke2 Ng4 20. Bxg7 Kxg7
21. Rc2 f5 22. Rac1 Kf6 23. h3 Nge5 24. Nxe5 Nxe5 25. f4 Nd7 26. e4 e5 27. g3
Nf8 28. Rc3 Ne6 29. Rd3 Nd4+ 30. Ke3 Ke6 31. Rxd4 exd4+ 32. Kxd4 b5 33. exf5+
Kxf5 34. Kd5 Re7 35. Nf3 Re3 36. Nd4+ Kf6 37. a4 bxa4 38. Rd1 a3 39. b5 axb5
40. cxb5 a2 41. b6 Ra3 42. Ra1 Rb8 43. Nb5 Ra6 44. Nc3 Rbxb6 45. Rxa2 Rxa2 46.
Nxa2 Rb3 47. g4 h5 48. Kc4 Rxh3 49. gxh5 gxh5 50. Nb4 Rf3 51. Nd5+ Kf5 0-1

[Event "Memorial Day Classic"]
[Site "Long Beach"]
[Date "1994.??.??"]
[Round "?"]
[White "Vaganian, Rafael A"]
[Black "Ambartsoumian, Armen"]
[Result "1-0"]
[WhiteElo "2615"]
[BlackElo "2320"]
[PlyCount "51"]
[EventDate "1994.05.28"]
[EventType "swiss"]
[EventRounds "6"]
[EventCountry "USA"]
[SourceTitle "EXT 2004"]
[Source "ChessBase"]
[SourceDate "2003.11.25"]
[SourceVersion "1"]
[SourceVersionDate "2003.11.25"]
[SourceQuality "1"]

1. c4 e6 2. Nc3 d5 3. d4 Nf6 4. cxd5 exd5 5. Bg5 Be7 6. e3 Nbd7 7. Bd3 O-O 8.
Nge2 Re8 9. Qc2 Nf8 10. h3 Be6 11. O-O-O Rc8 12. Kb1 c5 13. dxc5 Rxc5 14. Nd4
a6 15. Qb3 b5 16. Bf5 Rc4 17. Bd3 Rc5 18. Rc1 N6d7 19. Bxe7 Qxe7 20. Qa3 Ne5
21. Be2 Qd6 22. Ncxb5 Rxc1+ 23. Rxc1 Qxa3 24. Nxa3 Bc8 25. Rc7 Nfd7 26. Nf5 1-0

[Event "Memorial Day Classic"]
[Site "Long Beach"]
[Date "1994.??.??"]
[Round "?"]
[White "Vaganian, Rafael A"]
[Black "Palatnik, Semon"]
[Result "1-0"]
[WhiteElo "2615"]
[BlackElo "2485"]
[PlyCount "111"]
[EventDate "1994.05.28"]
[EventType "swiss"]
[EventRounds "6"]
[EventCountry "USA"]
[SourceTitle "EXT 2004"]
[Source "ChessBase"]
[SourceDate "2003.11.25"]
[SourceVersion "1"]
[SourceVersionDate "2003.11.25"]
[SourceQuality "1"]

1. Nf3 c5 2. c4 Nf6 3. Nc3 d5 4. cxd5 Nxd5 5. d4 Nxc3 6. bxc3 g6 7. e4 Bg7 8.
Rb1 O-O 9. Be2 Nc6 10. d5 Ne5 11. Nxe5 Bxe5 12. Qd2 e6 13. f4 Bg7 14. c4 Re8
15. e5 f6 16. d6 fxe5 17. Bb2 e4 18. Bxg7 Kxg7 19. d7 Qxd7 20. Qxd7+ Bxd7 21.
Rxb7 Re7 22. Kd2 Kf6 23. Rc7 Rc8 24. Rxa7 Bc6 25. Ra6 Bb7 26. Rb6 Ra8 27. Ra1
Ra3 28. Rb3 Rxb3 29. axb3 e5 30. fxe5+ Kxe5 31. Ke3 Bc6 32. Bd1 Bb7 33. Bc2 Kd6
34. Rf1 Ke5 35. Rf8 Bc6 36. Rc8 Kd6 37. h4 Bb7 38. Rf8 Ke5 39. Rf4 Kd6 40. g4
Bc6 41. Rf6+ Kc7 42. Bb1 Bb7 43. Bc2 Bc6 44. h5 gxh5 45. gxh5 Be8 46. Bd1 Bc6
47. h6 Be8 48. Bg4 Bg6 49. Be6 Re8 50. Bf5 Bxf5 51. Rxf5 Kd6 52. Rf6+ Kd7 53.
Rf7+ Kd6 54. Rxh7 Rb8 55. Kxe4 Rxb3 56. Rh8 1-0

[Event "Biel"]
[Site "Biel"]
[Date "1994.??.??"]
[Round "4"]
[White "Vaganian, Rafael A"]
[Black "Pelletier, Yannick"]
[Result "1-0"]
[WhiteElo "2645"]
[BlackElo "2350"]
[Annotator "Horn,Pe"]
[PlyCount "95"]
[EventDate "1994.07.??"]
[EventType "tourn"]
[EventRounds "11"]
[EventCountry "SUI"]
[EventCategory "10"]
[SourceTitle "CBM 043"]
[Source "ChessBase"]
[SourceDate "1994.12.01"]
[SourceVersion "1"]
[SourceVersionDate "1994.12.01"]
[SourceQuality "1"]

1. Nf3 {Ftacnik} d5 2. g3 c6 3. Bg2 Bg4 4. d3 Nd7 5. O-O e6 6. b3 Ngf6 7. Bb2
Be7 8. Nbd2 O-O 9. c4 Re8 10. h3 Bh5 11. a3 a5 12. Qc2 Bf8 (12... Bd6 {Ftacnik}
) 13. g4 $146 (13. e4 dxe4 14. Nxe4 Nxe4 15. dxe4 e5 $10 {Ree-Jongsma/
Amsterdam/1968}) (13. Rac1 e5 14. cxd5 cxd5 15. Qc7 e4 16. dxe4 dxe4 17. Nd4
Qxc7 18. Rxc7 Nc5 19. Rc1 b6 20. Nc4 Nd5 $10 {Pigusov-Geller/Sochi/1982}) (13.
Rae1 e5 14. Nh4 {Reaching Salov-Geller now.} Nc5 15. Kh2 Rc8 16. Qb1 Rc7 17.
Ba1 b5 18. b4 axb4 19. axb4 Na6 20. c5 d4 21. e4 $36 {Salov-Geller/Moskau/1987}
) 13... Bg6 14. Nh4 Bd6 15. Nxg6 hxg6 16. e3 Qe7 17. Rfe1 Nh7 $6 {Starting
some kind of suicide.} (17... e5 $5 18. g5 $6 Nh5 19. h4 (19. cxd5 cxd5 20. h4
Rac8 21. Qd1 Qe6 $13) 19... Qe6 $13) (17... b5 $5 {Ftacnik}) 18. e4 Qh4 $2 19.
Nf3 Qh6 $2 {Very unusual and very wrong.} 20. cxd5 cxd5 21. exd5 exd5 22. Qc3
Rxe1+ 23. Rxe1 Ndf6 24. Bc1 Bf4 (24... g5 25. Nd4 Qg6 (25... g6 26. Nb5 $18)
26. Nf5 $18) 25. Kf1 Bxc1 26. Qxc1 Qxc1 27. Rxc1 $18 Nd7 (27... Ne8 28. Rc5 $18
) 28. Rc7 Nhf8 (28... Nhf6 $2 {Ftacnik} 29. g5 $18) 29. Ng5 Rd8 (29... d4 {
Ftacnik} 30. Bd5 $18) 30. Bxd5 Ne5 31. Bxf7+ Nxf7 32. Nxf7 Rxd3 33. Rxb7 Rd5 (
33... Rxh3 {Ftacnik} 34. Ne5 $18) 34. h4 Ne6 35. Ng5 Nxg5 36. hxg5 Rxg5 37. a4
Rc5 (37... Rxg4 {Ftacnik} 38. Rb5 Rb4 39. Rxb4 axb4 40. a5 $18) 38. Ke2 Rc3 39.
g5 Kf8 40. f4 Rg3 41. Kd2 Rf3 42. Rb5 Ke7 43. Kc2 Rf2+ (43... Rxf4 {Ftacnik}
44. Rxa5 Rf5 45. Rxf5 gxf5 46. g6 $1 $18) 44. Kc3 Rf3+ 45. Kb2 Rf2+ 46. Ka3
Rxf4 47. Rxa5 Rf5 48. Rb5 (48. Rb5 {Ftacnik} Rxb5 49. axb5 Kd6 50. Kb4 $18) 1-0

[Event "Olympiad-31"]
[Site "Moscow"]
[Date "1994.12.02"]
[Round "2.1"]
[White "Vaganian, Rafael A"]
[Black "Milos, Gilberto"]
[Result "1-0"]
[WhiteElo "2645"]
[BlackElo "2575"]
[PlyCount "79"]
[EventDate "1994.12.01"]
[EventType "team-swiss"]
[EventRounds "14"]
[EventCountry "RUS"]
[SourceTitle "CBM 045"]
[Source "ChessBase"]
[SourceDate "1995.04.01"]
[SourceVersion "1"]
[SourceVersionDate "1995.04.01"]
[SourceQuality "1"]
[WhiteTeam "Armenia"]
[BlackTeam "Brazil"]
[WhiteTeamCountry "ARM"]
[BlackTeamCountry "BRA"]

1. Nf3 d6 2. d4 Bg4 3. c4 Bxf3 4. exf3 g6 5. Nc3 Bg7 6. Be3 Nf6 7. Be2 O-O 8.
f4 c6 9. h4 Qa5 10. Kf1 e5 11. h5 Nbd7 12. hxg6 fxg6 13. fxe5 dxe5 14. d5 e4
15. Qd2 cxd5 16. cxd5 Qb4 17. Rh4 Rad8 18. Rd1 Nb6 19. Nxe4 Qxd2 20. Rxd2 Rxd5
21. Nc5 Rc8 22. b4 Rxd2 23. Bxd2 Nbd5 24. Rc4 b6 25. Ne6 Re8 26. Nxg7 Kxg7 27.
Bf3 Kf7 28. g4 Re5 29. Rc8 Ne4 30. Bh6 g5 31. Rc2 Nec3 32. Rd2 Kf6 33. Rd3 Kf7
34. b5 Kg8 35. a4 Kf7 36. Bg2 Kf6 37. Bf8 Re8 38. Ba3 Ke6 39. Bb2 Rc8 40. Rh3
1-0

[Event "Olympiad-31"]
[Site "Moscow"]
[Date "1994.12.15"]
[Round "14.1"]
[White "Vaganian, Rafael A"]
[Black "Yudasin, Leonid"]
[Result "1-0"]
[WhiteElo "2645"]
[BlackElo "2625"]
[Annotator "Ribli,Z"]
[PlyCount "123"]
[EventDate "1994.12.01"]
[EventType "team-swiss"]
[EventRounds "14"]
[EventCountry "RUS"]
[SourceTitle "CBM 045"]
[Source "ChessBase"]
[SourceDate "1995.04.01"]
[SourceVersion "1"]
[SourceVersionDate "1995.04.01"]
[SourceQuality "1"]
[WhiteTeam "Armenia"]
[BlackTeam "Israel"]
[WhiteTeamCountry "ARM"]
[BlackTeamCountry "ISR"]

1. Nf3 c5 2. c4 Nc6 3. Nc3 Nd4 4. g3 $5 (4. e3 Nxf3+ 5. Qxf3 g6 6. g3 Bg7 7.
Bg2 d6 8. Qd1 Nh6 9. d3 Nf5 10. Qd2 Rb8 11. b3 O-O 12. Bb2 a6 $10 {Ribli,
Z-Arnason,J/EU-Cup/1994/CBM44/}) 4... Nxf3+ 5. exf3 b6 (5... g6 6. d4 Bg7 7.
Be3 Nh6 8. Qd2 Nf5 9. dxc5 Nxe3 10. Qxe3 Qa5 11. Be2 O-O 12. O-O e6 13. a3 f5
14. f4 $16 {Szalanczy,E-Vadasz,L/Kecskemet/1993/EXP37/}) 6. d4 cxd4 7. Qxd4 Bb7
8. Bg2 (8. Bf4 $6 e6 9. Ke2 Ne7 10. Nb5 Nf5 11. Qd3 Bc5 12. Bh3 O-O $15 {
Miles,A-Sokolov,I/Biel/1989/CBM14/INF48,(50)/}) 8... Nf6 9. O-O e6 10. Ne4 $1
Nxe4 11. fxe4 f6 (11... Rc8 12. Bf4 f6 13. Qd3 Bc5 14. Rfd1 $14) 12. Qd1 Bc5 (
12... Rc8 13. b3 Bc5 14. Qh5+ Kf8 15. Bb2 $14) 13. Qh5+ g6 (13... Kf8 14. Rd1
$14) 14. Qh6 Kf7 (14... Bf8 15. Qe3 Bg7 16. Rd1 $14) 15. Rd1 Bc6 16. Be3 Qf8 (
16... Bxe3 17. Qxe3 Re8 18. Rd2 $14) 17. Qf4 e5 18. Qf3 Qe7 (18... Bxe3 19.
Qxe3 $14) 19. Bxc5 bxc5 (19... Qxc5 20. b3 $14) 20. Rd3 Rab8 21. b3 Rhd8 22.
Rad1 d6 23. Qe3 $1 {/\ Qd2} Rb6 24. Qd2 Bb7 25. h4 $1 Kg7 26. Kh2 Ba8 27. a3
Rc6 (27... Rdb8 28. Rxd6 Rxd6 29. Qxd6 Qxd6 30. Rxd6 Rxb3 31. Rd7+ Kh6 32. Rxa7
$16) (27... Bb7 28. b4 $1 cxb4 29. c5 $16) 28. f3 Bb7 29. Bh3 Kh8 30. Qa5 Rf8
31. Qd2 (31. Qxa7 $4 Ra6 $19) 31... Rd8 32. h5 Kg7 (32... gxh5 33. Qh6 Qf7 34.
Bf5 $36) 33. h6+ Kf8 34. b4 $2 cxb4 35. axb4 Rxc4 36. Rxd6 Rd4 $1 (36... Rxd6
37. Qxd6 Qxd6 38. Rxd6 $16) 37. Rxd4 Rxd4 (37... exd4 38. b5 $13) 38. Qe1 Qc7 (
38... Qxb4 39. Qxb4+ Rxb4 40. Rd8+ Ke7 41. Rd7+ Kf8 42. Rxh7 $18) (38... Rxd1
39. Qxd1 Qxb4 40. Qd8+ Kf7 41. Bf1 $44 (41. Bd7 Qd2+ (41... Qe7 $2 42. Qh8 Qxd7
43. Qxh7+ Ke8 44. Qxd7+ Kxd7 45. h7 $18) 42. Kg1 Qe3+ 43. Kg2 Qd2+ 44. Kg1 $10)
) (38... Rxb4 39. Qc3 $44) (38... Qd6 $5) 39. Rc1 Qd6 40. Qc3 Ba6 41. Qc5 $1
Ke8 42. Qxd6 Rxd6 43. Rc7 Rd2+ 44. Kg1 Rd1+ 45. Kf2 Rd2+ 46. Ke1 (46. Ke3 $4
Re2#) 46... Re2+ 47. Kd1 Rh2 48. Bd7+ Kd8 49. Rxa7 Be2+ 50. Kc1 Bxf3 51. Bc6 f5
(51... Rxh6 $2 52. b5 f5 53. b6 Bxe4 54. Ra8+ Ke7 55. Bxe4 fxe4 56. b7 $18) 52.
b5 Bxe4 (52... fxe4 53. b6 $18) 53. Rxh7 Bxc6 (53... Rc2+ 54. Kd1 $18) 54. bxc6
f4 55. gxf4 exf4 56. Kd1 $1 f3 57. Ke1 g5 (57... Kc8 58. Rh8+ Kc7 59. h7 g5 60.
Ra8 Rxh7 61. Ra7+ $18) 58. Rd7+ $1 Kc8 59. h7 g4 60. Rg7 g3 61. Rg8+ Kc7 62.
h8=Q {Ribli} 1-0

[Event "NED-chT 9697"]
[Site "Netherlands"]
[Date "1996.??.??"]
[Round "7"]
[White "Vaganian, Rafael A"]
[Black "Van der Vorm, Teun"]
[Result "1-0"]
[WhiteElo "2615"]
[BlackElo "2405"]
[PlyCount "59"]
[EventDate "1996.??.??"]
[EventType "team"]
[EventRounds "11"]
[EventCountry "NED"]
[SourceTitle "EXT 2001"]
[Source "ChessBase"]
[SourceDate "2000.11.22"]
[SourceVersion "1"]
[SourceVersionDate "2000.11.22"]
[SourceQuality "1"]

1. Nf3 d5 2. g3 c6 3. Bg2 Nf6 4. O-O Bf5 5. d3 h6 6. Nbd2 e6 7. Qe1 Be7 8. e4
Bh7 9. Ne5 O-O 10. f4 Na6 11. Kh1 Re8 12. g4 Nd7 13. Nxd7 Qxd7 14. Nf3 c5 15.
g5 hxg5 16. fxg5 Bd6 17. Nh4 Nb4 18. Qd1 Be5 19. Bd2 Nc6 20. exd5 exd5 21. Qh5
Rad8 22. Rxf7 Qxf7 23. g6 Bxg6 24. Nxg6 Qe6 25. Bg5 Rd6 26. Rf1 Qxg6 27. Bxd5+
Rxd5 28. Qxg6 Rdd8 29. Qf7+ Kh8 30. Rf3 1-0

[Event "NED-chT 9697"]
[Site "Netherlands"]
[Date "1996.??.??"]
[Round "9"]
[White "Nijboer, Friso"]
[Black "Vaganian, Rafael A"]
[Result "0-1"]
[WhiteElo "2475"]
[BlackElo "2615"]
[PlyCount "82"]
[EventDate "1996.??.??"]
[EventType "team"]
[EventRounds "11"]
[EventCountry "NED"]
[SourceTitle "EXT 2001"]
[Source "ChessBase"]
[SourceDate "2000.11.22"]
[SourceVersion "1"]
[SourceVersionDate "2000.11.22"]
[SourceQuality "1"]

1. e4 e6 2. d4 d5 3. Nc3 Bb4 4. e5 b6 5. Qg4 Bf8 6. Nh3 h5 7. Qf3 Ba6 8. Bxa6
Nxa6 9. O-O c6 10. Nd1 Nc7 11. Bg5 Be7 12. Bxe7 Qxe7 13. Qe2 g6 14. Ne3 Nh6 15.
Rfd1 Kf8 16. Nf4 Ne8 17. Qf3 Kg8 18. h3 Ng7 19. g4 Qg5 20. Nfg2 Rf8 21. Qe2
hxg4 22. hxg4 f5 23. f4 Qe7 24. Rd3 fxg4 25. Nxg4 Nxg4 26. Qxg4 Kf7 27. Rf1 Nf5
28. c3 c5 29. Rff3 cxd4 30. cxd4 Qb4 31. Qg5 Kg7 32. Rh3 Rxh3 33. Rxh3 Qxd4+
34. Kh1 Qxb2 35. Nh4 Qa1+ 36. Kh2 Qxa2+ 37. Kh1 Qb1+ 38. Kh2 Qc2+ 39. Kh1 Qe4+
40. Kh2 Qe2+ 41. Kh1 Qf1+ 0-1

[Event "Eupen op"]
[Site "Eupen"]
[Date "1996.??.??"]
[Round "?"]
[White "Georgiev, Krum"]
[Black "Vaganian, Rafael A"]
[Result "0-1"]
[WhiteElo "2490"]
[BlackElo "2615"]
[PlyCount "60"]
[EventDate "1996.03.30"]
[EventType "swiss"]
[EventRounds "7"]
[EventCountry "BEL"]
[SourceTitle "EXT 1998"]
[Source "ChessBase"]
[SourceDate "1997.11.17"]
[SourceVersion "1"]
[SourceVersionDate "1997.11.17"]
[SourceQuality "1"]

1. e4 e6 2. d4 d5 3. Nd2 c5 4. exd5 exd5 5. Ngf3 Nc6 6. Bb5 Bd6 7. O-O Nge7 8.
dxc5 Bxc5 9. Nb3 Bd6 10. Bxc6+ bxc6 11. Qd4 O-O 12. Bf4 Nf5 13. Qd2 Be6 14.
Rfe1 c5 15. Ng5 h6 16. Nxe6 fxe6 17. Bxd6 Qxd6 18. c4 Rf6 19. Rad1 Nh4 20. Re4
Nxg2 21. Kxg2 Raf8 22. Re2 Rf5 23. Qe3 R8f6 24. Nxc5 Rf3 25. Qd4 R3f4 26. Ne4
Rg6+ 27. Kh1 Qf8 28. cxd5 Qf5 29. Rg1 Rfg4 30. Rxg4 Qf3+ 0-1

[Event "Eupen op"]
[Site "Eupen"]
[Date "1996.??.??"]
[Round "?"]
[White "Vaganian, Rafael A"]
[Black "Ahn, Martin"]
[Result "1-0"]
[WhiteElo "2615"]
[BlackElo "2325"]
[PlyCount "51"]
[EventDate "1996.03.30"]
[EventType "swiss"]
[EventRounds "7"]
[EventCountry "BEL"]
[SourceTitle "EXT 1998"]
[Source "ChessBase"]
[SourceDate "1997.11.17"]
[SourceVersion "1"]
[SourceVersionDate "1997.11.17"]
[SourceQuality "1"]

1. Nf3 Nf6 2. c4 g6 3. Nc3 Bg7 4. g3 O-O 5. Bg2 d6 6. O-O e5 7. d3 Nc6 8. Rb1
a5 9. a3 h6 10. b4 axb4 11. axb4 Be6 12. b5 Ne7 13. Bb2 Qd7 14. c5 Nfd5 15.
Nxd5 Bxd5 16. b6 Ba2 17. Ra1 e4 18. Bxg7 exf3 19. Bxf8 fxg2 20. Re1 Kxf8 21.
Qd2 Qe6 22. Rec1 Ra6 23. cxd6 cxd6 24. Rc7 Bc4 25. Rc1 Kg7 26. dxc4 1-0

[Event "Olympiad-32"]
[Site "Yerevan"]
[Date "1996.09.30"]
[Round "13.2"]
[White "Vaganian, Rafael A"]
[Black "Cvitan, Ognjen"]
[Result "1-0"]
[WhiteElo "2595"]
[BlackElo "2535"]
[PlyCount "65"]
[EventDate "1996.09.15"]
[EventType "team-swiss"]
[EventRounds "14"]
[EventCountry "ARM"]
[SourceTitle "CBM 055"]
[Source "ChessBase"]
[SourceDate "1996.12.01"]
[SourceVersion "1"]
[SourceVersionDate "1996.12.01"]
[SourceQuality "1"]
[WhiteTeam "Armenia"]
[BlackTeam "Croatia"]
[WhiteTeamCountry "ARM"]
[BlackTeamCountry "CRO"]

1. d4 Nf6 2. c4 g6 3. g3 Bg7 4. Bg2 O-O 5. Nc3 d6 6. Nf3 Nbd7 7. O-O e5 8. h3
c6 9. e4 Re8 10. Be3 exd4 11. Nxd4 a5 12. Qc2 a4 13. b4 axb3 14. axb3 Rxa1 15.
Rxa1 Nc5 16. b4 Ne6 17. Re1 Bd7 18. b5 Nc5 19. bxc6 bxc6 20. e5 Rxe5 21. Nxc6
Bxc6 22. Bxc6 h5 23. Bf4 Re6 24. Kg2 Kh7 25. Bf3 Bh6 26. Bxh6 Kxh6 27. Ra1 Kg7
28. Ra8 Qe7 29. Nd5 Nxd5 30. Bxd5 Re5 31. Qb2 Nd3 32. Qb8 Kf6 33. Ra7 1-0

[Event "New York op"]
[Site "New York"]
[Date "1997.??.??"]
[Round "3"]
[White "Dorobanov, Svetoslav"]
[Black "Vaganian, Rafael A"]
[Result "0-1"]
[WhiteElo "2365"]
[BlackElo "2580"]
[PlyCount "62"]
[EventDate "1997.04.02"]
[EventType "swiss"]
[EventRounds "9"]
[EventCountry "USA"]
[SourceTitle "EXT 2001"]
[Source "ChessBase"]
[SourceDate "2000.11.22"]
[SourceVersion "1"]
[SourceVersionDate "2000.11.22"]
[SourceQuality "1"]

1. c4 e6 2. Nc3 d5 3. d4 Be7 4. cxd5 exd5 5. Bf4 c6 6. Qc2 Bd6 7. Bxd6 Qxd6 8.
e3 Nf6 9. Bd3 O-O 10. Nf3 Nbd7 11. O-O Re8 12. Rab1 a5 13. a3 Nf8 14. Rfc1 Ng6
15. h3 Qe7 16. b4 Ne4 17. b5 Ng5 18. Nh2 Nh4 19. bxc6 bxc6 20. Na4 Nxh3+ 21.
gxh3 Qg5+ 22. Kf1 Qg2+ 23. Ke2 Qxh2 24. Nb6 Rb8 25. Nxc8 Rbxc8 26. Bxh7+ Kh8
27. Bf5 Rc7 28. Bg4 f5 29. Bh5 g6 30. Rh1 Qd6 31. Bf3 Qf4 0-1